000 00426nam a2200169Ia 4500
003 GCL
008 140319s9999 xx 000 0 eng d
040 _aGCL /
_cGCL
082 0 4 _a843
_bM G
100 1 _aMIQUEL, PIERRE
245 1 0 _aLA GRANDE GUERRE AU JOUR LA JOUR /
_cMIQUEL, PIERRE
260 _a[S.N] :
_bFAYARD ،
_c1988
300 _a450 P
650 0 4 _aLITERATURE
650 0 4 _aFRENCH LITERATURE
942 _2ddc
_cBK
999 _c24762
_d24762